Muslim personal law: (Record no. 1002)

MARC details
000 -LEADER
fixed length control field 007680000a22002290004500
003 - CONTROL NUMBER IDENTIFIER
control field LK-CoMWRAF
008 - FIXED-LENGTH DATA ELEMENTS--GENERAL INFORMATION
fixed length control field 230817t1973 ||||| |||| 00| 0 eng d
040 ## - CATALOGING SOURCE
Original cataloging agency LK-CoMWRAF
Modifying agency LK-CoMWRAF
Description conventions LK-CoMWRAF
041 ## - LANGUAGE CODE
Language code of text/sound track or separate title English
082 ## - DEWEY DECIMAL CLASSIFICATION NUMBER
Classification number 340.59
Item number MUS
942 ## - ADDED ENTRY ELEMENTS (KOHA)
Koha item type Conference Proceeding
111 ## - MAIN ENTRY--MEETING NAME
Meeting name or jurisdiction name as entry element SEMINAR ON MUSLIM PERSONAL LAW
Location of meeting (Aligarh;
Date of meeting September, 1968)
700 ## - ADDED ENTRY--PERSONAL NAME
Personal name Faridi, F.R.
relator term editor
700 ## - ADDED ENTRY--PERSONAL NAME
Personal name Siddiqi, M.N.
relator term editor
245 ## - TITLE STATEMENT
Title Muslim personal law:
Remainder of title papers and proceedings of a seminar
260 ## - PUBLICATION, DISTRIBUTION, ETC. (IMPRINT)
Place of publication, distribution, etc. Delhi:
Name of publisher, distributor, etc. Markazi Maktaba Islami,
Date of publication, distribution, etc. 1973
300 ## - PHYSICAL DESCRIPTION
Extent vii, 190 p.; 22 c.m.
490 ## - SERIES STATEMENT
Series statement Ishaat-e-Islam Trust Publication
Volume/sequential designation No. 762
650 ## - SUBJECT ADDED ENTRY--TOPICAL TERM
Topical term or geographic name as entry element DOMESTIC RELATIONS-India-Congresses
650 ## - SUBJECT ADDED ENTRY--TOPICAL TERM
Topical term or geographic name as entry element Muslims--Legal status, laws-India
650 ## - SUBJECT ADDED ENTRY--TOPICAL TERM
Topical term or geographic name as entry element Domestic relations (Islamic law)
Holdings
Withdrawn status Lost status Damaged status Not for loan Permanent Location Current Location Date acquired Full call number Barcode Koha item type
        Resource center, Muslim Women's Research And Action Forum Resource center, Muslim Women's Research And Action Forum 2023-08-17 340.59 MUS RAF431 Conference Proceeding
        Resource center, Muslim Women's Research And Action Forum Resource center, Muslim Women's Research And Action Forum 2023-10-24 340.59 MUS RAF1842 Conference Proceeding

Copyright © 2023 Muslim Women's Research and Action Forum (MWRAF), No 27/3, Anderson Road, Kalubowila, Dehiwela. Funded by The Asia Fundation